Vidéken lemaradhatok? Hajléktalan személyek szolgáltatáshoz jutási esélyei a különböző település típusokon

Elmentve itt :
Bibliográfiai részletek
Szerző: Rácz Renáta
További közreműködők: Tunyogi József (Témavezető)
Dokumentumtípus: Szakdolgozat
Megjelent: 2014
Tárgyszavak:
Online Access:http://diploma.bibl.u-szeged.hu/93282
LEADER 00675nta a2200169 i 4500
001 dipl93282
005 20201106133400.0
008 201009s2014 hu om 0|| zxx d
040 |a SZTE Diploma Repozitórium  |b hun 
041 |a zxx 
100 1 |a Rácz Renáta 
245 1 0 |a Vidéken lemaradhatok? Hajléktalan személyek szolgáltatáshoz jutási esélyei a különböző település típusokon  |h [elektronikus dokumentum] /  |c Renáta Rácz 
260 |c 2014 
650 4 |a Orvos- és egészségtudományok 
650 4 |a Social policies, work and welfare 
700 1 |a Tunyogi József  |e ths 
856 4 0 |u http://diploma.bibl.u-szeged.hu/id/eprint/93282/1/2014_racz_renata.pdf  |z Dokumentum-elérés